00681nam a2200193 450000500170000000800410001702000150005805000200007324500770009325000120017026000710018230000280025349000210028149000270030250400550032965000360038465000290042070000380044920180220102524.0180220b sp ||||| |||| 00| 0 spa d a849537987204aBL480bD53 200403aEl diablo en la edad modernac/ María Tausiet, James S. Amelang (eds.) a1a ed.  aParacuellos de Jarama, Madrid, España : bMarcial Pons, c2004.  a381 p. :bil. ;c23 cm. aObras singulares aMarcial Pons, Historia aIncluye bibliografía (p. [357]-365) e índice.  72LEMBaDemonología xHistoria  72LEMBaDiablo xHistoria 1 aAmelang, James S., d[1952- ]